1640 1362 1363 1414 1768 1188 1918 1211 1264 1854 1636 1340 1348 1949 1576 1858 1368 1960 1589 1772 1169 1450 1888 1626 1511 1686 1432 1304 1387 1204 1502 1178 1280 1602 1510 1225 1334 1766 1336 1373 1871 1994 1083 1082 1549 1434 1348 1923 1750 1498 1898 1940 1399 1453 1097 1583 1884 1270 1873 1438 1640 1473 1484 1618 1920 1494 1840 1049 1138 1976 1327 1203 1133 1178 1826 1428 1489 1454 1297 1207 1187 1035 1134 1266 1587 1508 1799 1126 1183 1940 1922 1475 1269 1384 1000 1785 1293 1215 1905 BCNSPRNW ULIB Ver.6.0+V

เปลี่ยนเป็นภาษาไทย

Change to English
 แสดงรายละเอียดบรรณานุกรม
  กลับหน้าหลัก

Brief Record : Get Marc (ISO 2709) : E-mail record : QR code < ปิดหน้าต่าง
LEADER : 00000nam 2200000uu 4500
001    13399127368
003     ULIB
008    200513s2020||||th 000 0 tha d
020    ^a9780702076244
060 04 ^aWB105^bT355
245 00 ^aTextbook of adult emergency medicine /^cedited by PeterCameron ... [et al.]
250    ^a5th ed.
260    ^aEdinburgh :^bChurchill Livingstone/Elsevier,^c2020
300    ^axxvi, 1077 p. :^bill. ;^c28 cm.
504    ^aIncludes bibliographical references and index
505 0  ^aSection 1: Resuscitation -- Section 2: Critical Care --Section 3: Trauma -- Section 4: Orthopaedic EmergenciesInjuries of the shoulder -- Section 5: CardiovascularEmergencies Chest pain -- Section 6: RespiratoryEmergencies Upper respiratory tract -- Section 7:Digestive Emergencies Dysphagia -- Section 8: NeurologyEmergencies Headache -- Section 9: Infectious DiseaseEmergencies -- Section 10: Genitourinary Emergencies Acutekidney injury -- Section 11: Endocrine EmergenciesDiabetes mellitus and hypoglycaemia: an overview --Section 12: Metabolic Emergencies Acid-base disorders --Section 13: Haematology Emergencies Anaemia -- Section 14:Rheumatology and Musculoskeletal EmergenciesRheumatological emergencies -- Section 15: DermatologyEmergencies Emergency dermatology -- Section 16: OcularEmergencies Ocular emergencies -- Section 17: DentalEmergencies Dental emergencies -- Section 18: ENTEmergencies -- Section 19: Obstetrics and GynaecologyEmergencies Emergency delivery and complications --Section 20: Psychiatric Emergencies Mental stateassessment -- Section 21: Challenging Situations Death anddying -- Section 22: Pain relief -- Section 23: EmergencyImaging Emergency department ultrasound -- Section 24:Academic Emergency Medicine Research methodology --Section 25: Emergency Medicine and the Law Mental healthand the law: the Australasian and UK perspectives --Section 26: Emergency and Medical Systems Pre-hospitalemergency medicine -- Section 27: Administration --Section 28: Environmental Emergencies Heat-related illness-- Section 29: Toxicology Emergencies Approach to thepoisoned patient -- Section 30: Toxinology EmergenciesSnakebite
520    ^aNow fully revised and updated, Textbook of Adult EmergencyMedicine provides clear and consistent coverage of thisrapidly evolving specialty. Building on the success ofprevious editions, it covers all the major topics thatpresent to the trainee doctor in the emergency department.It will also prove invaluable to the range of otherprofessionals working in this setting - including nursespecialists and paramedics - who require concise, highlypractical guidance, incorporating latest best practice andcurrent guidelines. For the first time this edition nowcomes with a complete and enhanced electronic version,providing a richer learning experience and making rapidreference easier than ever before, anytime, anywhere.Updates throughout reflect latest practice developments,curricula requirements and essential guidelines Key pointboxes highlight topic essentials as well ascontroversial areas of treatment An expanded list ofleading international contributors ensures comprehensivecoverage and maximizes worldwide relevance New andenhanced coverage of important and topical areas -including latest imaging in emergency medicine; organdonation; massive transfusion protocols; medico legalissues; patient safety and quality measures All newaccompanying electronic version, including procedurevideos and self-assessment materials to check yourunderstanding and aid exam preparation
650  2 ^aEmergency Medicine^xmethods
650  2 ^aAdult
650  2 ^aEmergencies
650  2 ^aEmergency Treatment^xmethods
700 1  ^aCameron, Peter,^d1958-^eed.
945    ^p3272^l0^i007042
999    ^aอังศุธร กาญจนาโรจน์พันธ์
รายการนี้ยังไม่มีแท็ก
คุณยังไม่ได้ล็อกอิน คุณสามารถมีกิจกรรมร่วมกับเว็บไซต์ได้ แต่ต้องล็อกอินก่อน ::
  ล็อกอิน

รายการสื่อสารสนเทศ

ลำดับที่ ประเภท เลขเรียก/บาร์โค้ด สถานที่ สถานะ
1. วิทยาศาสตร์การแพทย์ และสุขภาพ
หนังสือสำรอง
สถานะ=หนังสือสำรอง
WB105 T355 ฉ.1 
  Barcode: 007042
ห้องสมุดวิทยาเขตสวรรค์ประชารักษ์
►หนังสือทั่วไป
บนชั้น

รายการใกล้เคียง
    หัวเรื่อง [Adult]
    หัวเรื่อง [Emergencies]

BibComment


ยังไม่เคยถูกคอมเมนท์

คอมเมนท์ทรัพยากรรายการนี้
  คอมเมนท์: Textbook of adul..


 Copyright 2026. Bcnsprnw @Library